Leader xxxxxxxxxx
001 __ PCLIS00042068
005 __ 20220218151548.0
010 0_ |a978-986-219-204-7|b之1 : 平裝|dNT$199
010 0_ |a978-986-219-205-4|b之2 : 平裝|dNT$199
010 0_ |a978-986-219-314-3|b之3 : 平裝|dNT$199
010 0_ |a978-986-219-315-0|b之4 : 平裝|dNT$199
010 0_ |a978-986-219-619-9|b之5 : 平裝|dNT$199
010 0_ |a978-986-219-620-5|b之6 : 平裝|dNT$199
010 0_ |a978-986-219-633-5|b之7 : 平裝|dNT$199
010 0_ |a978-986-219-634-2|b之8 : 平裝|dNT$199
100 __ |a20100408g20092012m y0chiy09 e
101 0_ |achi
102 __ |atw
105 __ |ay z 000ay
200 1_ |a盜墓筆記|h第二季|dThe secret of grave robber|zeng|f南派三叔著
205 __ |a第1版
210 __ |a臺北縣汐止市|c普天出版|a臺北縣中和市|c旭昇總經銷|d2009-2012(民98-101)
215 0_ |a8冊|d21公分
225 2_ |a文學新樂園|v96-97,130-131,208-209,212-213
300 __ |a著者本名徐磊
327 1_ |v1,|a1, 陰古山樓I|v2,|a2, 陰古山樓II|v3,|a3, 邛籠石影I|v4,|a4, 邛籠石影II|v5,|a5, 大結局I|v6,|a6, 大結局II|v7,|a7, 大結局III|v8,|a8, 大結局IV. 精采完結
410 _0 |12001 |a文學新樂園|v96-97,130-131,208-209,212-213
500 11 |a盜墓筆記
510 1_ |aThe secret of grave robber|zeng
517 1_ |a陰山古樓I|zchi
517 1_ |a邛籠石影I|zchi
517 1_ |a大結局|zchi
681 __ |a857.7|b8564
700 _0 |a南派三叔|4著
801 _0 |atw|b內湖高中|c20100408|gCCR
801 _2 |atw|b內湖高中|c20220218|gCCR
|